000 00685nam a2200193 a 4500
001 000043336
005 20250909091243.0
008 140310s2006 sp 000 0 spa d
020 _a8472329712
040 _aDO-SdBNP
_bspa
_cBNPHU
041 1 7 _aspa
_harabe
245 0 0 _aCuentos de las dos orillas II /
_cedición de José Monleón.
260 _aMadrid :
_bAgencia Española de Cooperación Internacional,
_c2006.
300 _a151, 105 p. ;
_c20 cm.
546 _aTextos en español y arabe
563 _aDos obras en encuadernada juntas con paginación independiente.
700 1 2 _aMonleón, José
_eed.
_966419
710 2 _aAgencia Española de Cooperación Internacional
_934585
999 _c42825
_d42825